Music Quiz

Random Music or Song Quiz

Unthemed Music Clips 4 (clips) Quiz Stats

 Plays Quiz not verified by Sporcle

Score 0/60 Timer 10:00
0 Plays Today
Start Time Song Title % Correct
0:05Dancing Queen
93%
1:55Twist and Shout
87.5%
2:40You Give Love a Bad Name
79.3%
0:00The Safety Dance
78.4%
0:15Take Me Out
77.4%
2:30Yeah!
74.6%
3:35Walking on Sunshine
71.4%
0:35Layla
68.6%
4:00My Humps
68.2%
1:05No Scrubs
66.3%
3:10MmmBop
65.3%
4:20Never Gonna Give You Up
63.4%
3:20Our House
63.3%
0:30Like a G6
62.3%
4:30Disturbia
59.8%
3:00Push It
59.6%
1:00Rock the Casbah
54.4%
0:10Get Low
51.4%
4:10We Got the Beat
49.4%
3:15Independent Women (Part 1)
47.9%
1:30Glory Days
46.5%
3:55Drop it Like it's Hot
45.2%
0:50Leader of the Pack
45.1%
2:50I Like It
44.5%
2:15Steady as She Goes
42.7%
1:15Mack the Knife
40.9%
0:40Drive
40.8%
3:30We Like To Party (The Vengabus)
40.4%
4:40Talk Dirty to Me
37.8%
3:45Minority
34.3%
Start Time Song Title % Correct
2:25Rich Girl
34.1%
4:25Mustang Sally
33.9%
4:15Big Shot
31%
4:55Hey Jealousy
30.3%
2:20Rock and Roll part 2
29.4%
4:45Rhiannon
28.2%
0:45Turn the Beat Around
28%
2:55Parents Just Don't Understand
27.8%
1:40Whoomp! (There It Is)
27.4%
3:25Sunglasses at Night
26.9%
0:25Just Like Heaven
26.1%
4:50Summer in the City
26.1%
3:40Lucky
26%
1:20Love Will Keep Us Together
25.9%
2:35Blue Bayou
23%
2:00Lisztomania
21.9%
2:45O.P.P.
21.7%
1:25Sweet Georgia Brown
21.1%
3:50The Humpty Dance
21.1%
1:10A View to a Kill
21%
1:35One Fine Day
20.4%
1:50Another Night
20.2%
2:10Cruisin'
16.5%
4:05Motownphilly
15.6%
4:35Sundown
14.1%
1:45Snoopy vs. the Red Baron
10.8%
0:20Doin' Time
10.5%
3:05Cantaloop
7.5%
0:55#1 Crush
6.5%
2:05Palisades Park
6.3%

You're not logged in!

Compare scores with friends on all Sporcle quizzes.
OR
Log In

Show Comments

Extras

Top Quizzes Today


Score Distribution

Your Account Isn't Verified!

In order to create a playlist on Sporcle, you need to verify the email address you used during registration. Go to your Sporcle Settings to finish the process.

Report this User

Report this user for behavior that violates our Community Guidelines.

Details: